[Event "4NCL Division 4 South"]
[Site "Reading, ENG"]
[Date "2017.11.12"]
[Round "2.11"]
[White "Pink, Joshua"]
[Black "Ahlander, Bjorn"]
[Result "0-1"]
[WhiteElo "2065"]
[BlackElo "2442"]
[PlyCount "78"]
[EventDate "2017.11.12"]
[WhiteTeam "Throw in the Tal"]
[BlackTeam "Iceni 1"]

1. e4 c5 2. Nf3 d6 3. d4 cxd4 4. Nxd4 Nf6 5. Nc3 a6 6. h3 e6 7. g4 b5 8. Bg2
Bb7 9. Qe2 b4 10. Nd1 Be7 11. O-O Nc6 12. Nxc6 Bxc6 13. Re1 O-O 14. c4 Qb6 15.
Bg5 Rfe8 16. e5 dxe5 17. Bxc6 Qxc6 18. b3 h6 19. Bh4 Rad8 20. Nb2 Nh5 21. Bxe7
Nf4 22. Qe4 Qxe4 23. Rxe4 Rxe7 24. Rxe5 Rd2 25. Nd1 Red7 26. Re1 Nxh3+ 27. Kg2
Nf4+ 28. Kf3 Nd3 29. Re2 Nc5 30. Ne3 f6 31. Nf1 R2d3+ 32. Re3 Kf7 33. Ke2 R3d4
34. f3 a5 35. Rc1 h5 36. gxh5 Rh4 37. Ng3 f5 38. Re5 Nd3 39. Nxf5 Nxc1+ 0-1

[Event "4NCL Division 4 South"]
[Site "Reading, ENG"]
[Date "2017.11.12"]
[Round "2.12"]
[White "Reynolds, D Ian W"]
[Black "Smith, Richard W"]
[Result "1/2-1/2"]
[WhiteElo "2015"]
[BlackElo "1990"]
[PlyCount "38"]
[EventDate "2017.11.12"]
[WhiteTeam "Iceni 1"]
[BlackTeam "Throw in the Tal"]

1. e4 e5 2. Nf3 Nc6 3. d4 exd4 4. Nxd4 Bc5 5. Nb3 Bb6 6. Nc3 d6 7. Qe2 Be6 8.
Be3 Bxe3 9. Qxe3 Nf6 10. O-O-O O-O 11. f3 Qe7 12. g4 Rad8 13. g5 Nd7 14. h4 Nb6
15. Nd4 Nxd4 16. Qxd4 a6 17. Nd5 Nxd5 18. exd5 Bf5 19. Rh2 Rfe8 1/2-1/2

[Event "4NCL Division 4 South"]
[Site "Reading, ENG"]
[Date "2017.11.12"]
[Round "2.13"]
[White "Ireland, David J"]
[Black "Ruthen, Stephen W"]
[Result "1/2-1/2"]
[WhiteElo "2012"]
[BlackElo "1992"]
[Annotator "Alan"]
[PlyCount "67"]
[EventDate "2017.11.12"]
[WhiteTeam "Throw in the Tal"]
[BlackTeam "Iceni 1"]

1. d4 Nf6 2. Nf3 g6 3. Nc3 d5 4. Bf4 Bg7 5. e3 O-O 6. Be2 c5 7. O-O Nc6 8. Ne5
Bf5 9. Nxc6 bxc6 10. Be5 Qa5 11. g4 Bc8 12. f4 Nd7 13. Bxg7 Kxg7 14. Rf3 Nf6
15. Rg3 Rb8 16. Rb1 Bd7 17. Qd2 Rb7 18. f5 gxf5 19. g5 Ne8 20. a3 e5 21. dxe5
Nc7 22. Rh3 Rg8 23. Qe1 Kf8 24. Qh4 Ne6 25. Qh6+ Ke8 26. Qxh7 Rxg5+ 27. Kf2 Kd8
28. Qxf7 Kc7 29. Rh7 Kc8 30. Rh8+ Kc7 31. Qe7 c4 32. Qd6+ Kb6 33. b4 Qxa3 34.
Nb5 {scoresheets} 1/2-1/2

[Event "4NCL Division 4 South"]
[Site "Reading, ENG"]
[Date "2017.11.12"]
[Round "2.14"]
[White "Feavyour, John A"]
[Black "Nwachukwu, Chino"]
[Result "0-1"]
[WhiteElo "1989"]
[BlackElo "1945"]
[PlyCount "50"]
[EventDate "2017.11.12"]
[WhiteTeam "Iceni 1"]
[BlackTeam "Throw in the Tal"]

1. d4 Nf6 2. c4 g6 3. Nc3 d5 4. Bf4 Bg7 5. e3 O-O 6. cxd5 Nxd5 7. Nxd5 Qxd5 8.
Bxc7 Nc6 9. Ne2 Bg4 10. f3 Bxf3 11. gxf3 Qxf3 12. Rg1 Qxe3 13. Bf4 Qe4 14. Bg2
Qf5 15. Bxc6 bxc6 16. Qd2 Rfd8 17. O-O-O e5 18. Rg5 Qe6 19. Rxe5 Bxe5 20. Bxe5
c5 21. Kb1 cxd4 22. Bxd4 Rac8 23. b3 a5 24. Rc1 Rb8 25. Rc4 Qxc4 0-1

[Event "4NCL Division 4 South"]
[Site "Reading, ENG"]
[Date "2017.11.12"]
[Round "2.15"]
[White "Goodwin, Ed H"]
[Black "Botham, C Paul"]
[Result "1/2-1/2"]
[WhiteElo "1870"]
[BlackElo "1962"]
[PlyCount "57"]
[EventDate "2017.11.12"]
[WhiteTeam "Throw in the Tal"]
[BlackTeam "Iceni 1"]

1. d4 Nf6 2. c4 g6 3. Nc3 d5 4. cxd5 Nxd5 5. e4 Nxc3 6. bxc3 Bg7 7. Bc4 O-O 8.
Ne2 c5 9. Be3 Nc6 10. dxc5 Na5 11. Bd5 Qc7 12. O-O e6 13. Bb3 Rd8 14. Qc2 Bd7
15. Bd4 e5 16. Be3 Bf8 17. Bd5 Bxc5 18. Bxc5 Qxc5 19. Rab1 Bc6 20. Bxc6 Qxc6
21. Rfd1 b6 22. Ng3 Rac8 23. Rxd8+ Rxd8 24. Rd1 Rxd1+ 25. Qxd1 Qxc3 26. Qd8+
Kg7 27. Nf5+ gxf5 28. Qg5+ Kf8 29. Qd8+ 1/2-1/2

[Event "4NCL Division 4 South"]
[Site "Reading, ENG"]
[Date "2017.11.12"]
[Round "2.16"]
[White "Szymanski, Mark"]
[Black "Davidson, Laura"]
[Result "1-0"]
[WhiteElo "1915"]
[BlackElo "1772"]
[PlyCount "97"]
[EventDate "2017.11.12"]
[WhiteTeam "Iceni 1"]
[BlackTeam "Throw in the Tal"]

1. d4 Nf6 2. c4 e6 3. g3 Bb4+ 4. Bd2 Qe7 5. Bg2 Bxd2+ 6. Qxd2 d6 7. Nc3 O-O 8.
e4 e5 9. d5 Kh8 10. Nge2 Ng8 11. O-O f5 12. f4 fxe4 13. fxe5 Rxf1+ 14. Rxf1
Qxe5 15. Nxe4 Bf5 16. Ng5 Bg6 17. Ne6 Nd7 18. N2f4 Bf7 19. Re1 Qf6 20. b3 Rc8
21. Bh3 Nh6 22. Bg2 Ne5 23. Rf1 Qe7 24. Qf2 b6 25. Nd4 a5 26. Nfe6 Nd3 27. Qd2
Ne5 28. Bh3 Re8 29. Qe2 Ra8 30. Nf3 Bh5 31. Bg2 Re8 32. Qd2 Bg6 33. Nfd4 Ra8
34. h3 Bh5 35. g4 Bf7 36. g5 Ng8 37. Nf5 Qd7 38. Nfxg7 a4 39. Be4 axb3 40. axb3
Bg6 41. Bxg6 Nxg6 42. Qb2 c6 43. Nh5+ Ne5 44. Rf5 Qa7 45. dxc6 b5+ 46. c5 Qa1+
47. Qxa1 Rxa1+ 48. Kg2 Ra2+ 49. Kg3 1-0

[Event "4NCL Division 4 South"]
[Site "Reading, ENG"]
[Date "2017.11.12"]
[Round "2.21"]
[White "Gregory, Keith D F"]
[Black "Singleton, Michael P F"]
[Result "1-0"]
[WhiteElo "1979"]
[BlackElo "2085"]
[PlyCount "83"]
[EventDate "2017.11.12"]
[WhiteTeam "Wessex B"]
[BlackTeam "Surbiton"]

1. Nf3 c5 2. g3 Nc6 3. Bg2 g6 4. O-O Bg7 5. c4 d6 6. Nc3 e5 7. d3 Nge7 8. Rb1
O-O 9. a3 a5 10. Ne1 Be6 11. Nc2 Qd7 12. b4 cxb4 13. axb4 Bh3 14. bxa5 Bxg2 15.
Kxg2 Rxa5 16. Bd2 Rfa8 17. Ne3 f5 18. Ned5 Nxd5 19. Nxd5 Nd4 20. Bc3 Ne6 21.
Qc2 f4 22. f3 Ra3 23. Rb2 R3a6 24. g4 R8a7 25. Rfb1 h5 26. h3 Nc5 27. Rb5 Qd8
28. Be1 Ra2 29. Qd1 hxg4 30. hxg4 Kf7 31. Bf2 Qc8 32. Kf1 Bf6 33. d4 exd4 34.
Nxf6 Qh8 35. Qxd4 Qxf6 36. Qd5+ Qe6 37. Qxe6+ Kxe6 38. Bxc5 dxc5 39. Rb6+ Ke5
40. Rxg6 Rc2 41. Rd1 Rxc4 42. Rdd6 1-0

[Event "4NCL Division 4 South"]
[Site "Reading, ENG"]
[Date "2017.11.12"]
[Round "2.22"]
[White "Seymour, Timothy P"]
[Black "Bellers, Chris J"]
[Result "1-0"]
[WhiteElo "2062"]
[BlackElo "1991"]
[PlyCount "77"]
[EventDate "2017.11.12"]
[WhiteTeam "Surbiton"]
[BlackTeam "Wessex B"]

1. c4 g6 2. g3 Bg7 3. Bg2 c5 4. Nc3 Nc6 5. a3 a5 6. e3 d6 7. Nge2 e5 8. d4 exd4
9. exd4 Nge7 10. dxc5 dxc5 11. Qxd8+ Nxd8 12. Ne4 O-O 13. Nxc5 Nec6 14. O-O Ne6
15. Na4 Ncd4 16. Nxd4 Nxd4 17. Bd2 Be6 18. Nb6 Ra6 19. Nd5 Bxd5 20. Bxd5 Rb6
21. Rab1 Nb3 22. Bf4 Rc8 23. Rfe1 a4 24. Re7 Rf8 25. Rc7 Nd4 26. Kg2 Ne2 27.
Bd2 Rxb2 28. Rxb2 Bxb2 29. Bb4 Be5 30. Rxb7 Rb8 31. Bxf7+ Kh8 32. Rxb8+ Bxb8
33. Be8 Nc1 34. Bxa4 Nd3 35. Bc3+ Kg8 36. Bd4 Bd6 37. Kf3 Bxa3 38. Bb5 Nc5 39.
Kf4 1-0

[Event "4NCL Division 4 South"]
[Site "Reading, ENG"]
[Date "2017.11.12"]
[Round "2.23"]
[White "De Coverly, Roger D"]
[Black "Faulks, Nick"]
[Result "1-0"]
[WhiteElo "1917"]
[BlackElo "1920"]
[PlyCount "89"]
[EventDate "2017.11.12"]
[WhiteTeam "Wessex B"]
[BlackTeam "Surbiton"]

1. e4 c5 2. Nf3 e6 3. d3 Nc6 4. g3 d5 5. Nbd2 g5 6. Bg2 Be7 7. O-O g4 8. Ne1
Nf6 9. c3 Qc7 10. Qe2 d4 11. a4 e5 12. Nc4 Be6 13. Nc2 O-O-O 14. cxd4 cxd4 15.
N2a3 Nd7 16. Bd2 Kb8 17. Rfc1 Rc8 18. Na5 Qb6 19. N5c4 Qd8 20. Qe1 Nc5 21. Rd1
Nxd3 22. Qe2 Nc5 23. b4 Nb3 24. b5 d3 25. Qf1 Nxa1 26. bxc6 Bxa3 27. Nxa3 Nc2
28. Be3 Nd4 29. Bxd4 Qxd4 30. cxb7 Rcd8 31. Nb5 Qxa4 32. Nc3 Qc4 33. Nd5 Bxd5
34. exd5 e4 35. Qe1 Rhe8 36. Qe3 Qc2 37. Ra1 Kxb7 38. Bxe4 Rxe4 39. Qxe4 Qc5
40. d6+ Kc8 41. Qa8+ Kd7 42. Rxa7+ Ke6 43. Re7+ Kf5 44. Qe4+ Kf6 45. Qf4+ 1-0

[Event "4NCL Division 4 South"]
[Site "Reading, ENG"]
[Date "2017.11.12"]
[Round "2.24"]
[White "Alcock, Graham P"]
[Black "Adaway, William"]
[Result "1/2-1/2"]
[WhiteElo "1755"]
[BlackElo "1862"]
[PlyCount "39"]
[EventDate "2017.11.12"]
[WhiteTeam "Surbiton"]
[BlackTeam "Wessex B"]

1. e4 g6 2. Bc4 Bg7 3. Nc3 d6 4. Nge2 Nf6 5. d3 c6 6. Bb3 Nbd7 7. a3 e5 8. O-O
Nc5 9. Ba2 Be6 10. b4 Bxa2 11. Nxa2 Ne6 12. c4 O-O 13. Nac3 Nh5 14. Rb1 Qh4 15.
Ng3 Nhf4 16. Nce2 f5 17. exf5 Nxe2+ 18. Qxe2 Nd4 19. Qe4 Qxe4 20. Nxe4 1/2-1/2

[Event "4NCL Division 4 South"]
[Site "Reading, ENG"]
[Date "2017.11.12"]
[Round "2.25"]
[White "Coburn, Joseph A"]
[Black "Bussmann, John"]
[Result "0-1"]
[WhiteElo "1784"]
[BlackElo "1685"]
[Annotator "Alan"]
[PlyCount "119"]
[EventDate "2017.11.12"]
[WhiteTeam "Wessex B"]
[BlackTeam "Surbiton"]

1. e4 d6 2. d4 g6 3. Nf3 Bg7 4. Be3 Nf6 5. Nc3 Nbd7 6. Bc4 Nb6 7. Bb3 O-O 8. h3
Bd7 9. O-O c6 10. Qd2 Qc7 11. Bh6 d5 12. Bxg7 Kxg7 13. e5 Ng8 14. Rfe1 e6 15.
Qf4 a5 16. a4 c5 17. dxc5 Qxc5 18. Rad1 Rac8 19. Rd4 Qe7 20. g4 Rc5 21. g5 Rfc8
22. h4 Nc4 23. Nd1 b5 24. Ne3 Nxe3 25. Rxe3 bxa4 26. Bxa4 Bxa4 27. Rxa4 Rc4 28.
Rxc4 Rxc4 29. Nd4 Qb4 30. c3 Qxb2 31. Rf3 Rc7 32. Nc6 Qb1+ 33. Kg2 Qe4 34. Nxa5
Qxf4 35. Rxf4 Rxc3 36. Nb7 Ne7 37. Nd6 Nf5 38. Ne8+ Kf8 39. Nf6 h6 40. Ra4 Rc8
41. Ra7 Nxh4+ 42. Kh2 Nf3+ 43. Kg3 Nxg5 44. f4 Ne4+ 45. Nxe4 dxe4 46. Ra4 Rc3+
47. Kg2 Rd3 48. Ra8+ Kg7 49. Ra4 h5 50. Kh2 h4 51. Kg2 Rg3+ 52. Kh2 e3 53. Re4
Kh6 54. f5 g5 55. fxe6 fxe6 56. Ra4 Kg6 57. Ra8 Kf5 58. Ra5 e2 59. Ra1 Re3 60.
Rf1+ {ef =N} 0-1

[Event "4NCL Division 4 South"]
[Site "Reading, ENG"]
[Date "2017.11.12"]
[Round "2.26"]
[White "Moss, Stephen"]
[Black "Lovell, William Pm"]
[Result "0-1"]
[WhiteElo "1732"]
[BlackElo "1635"]
[PlyCount "136"]
[EventDate "2017.11.12"]
[WhiteTeam "Surbiton"]
[BlackTeam "Wessex B"]

1. e4 c6 2. d4 d5 3. exd5 cxd5 4. Nf3 Nc6 5. c3 Qc7 6. Be2 Bf5 7. Bd3 Bg6 8.
Bb5 e6 9. Ne5 Bd6 10. Bf4 Nge7 11. O-O a6 12. Qa4 Ra7 13. Bxc6+ Nxc6 14. Nxc6
bxc6 15. Bxd6 Qxd6 16. b4 O-O 17. Re1 Qc7 18. Nd2 a5 19. bxa5 Rxa5 20. Qd1 Rfa8
21. Nf3 Rxa2 22. Rxa2 Rxa2 23. Qb3 Ra5 24. Ne5 c5 25. Nxg6 hxg6 26. g3 cxd4 27.
cxd4 Qa7 28. Qc3 Qa8 29. Rb1 Ra7 30. Qb2 Kh7 31. Kg2 Rc7 32. Qd2 Qc8 33. Qf4
Qd8 34. h4 Rd7 35. Rc1 Qf6 36. Qb8 Rd8 37. Qb4 Kg8 38. Rc7 Kh7 39. Qb7 Kg8 40.
Qa7 Rf8 41. Kf1 Qf5 42. Kg2 Qe4+ 43. Kg1 Qg4 44. Kg2 Qf5 45. Rb7 Rc8 46. Rb8
Rxb8 47. Qxb8+ Kh7 48. Qa7 Kh6 49. Qa1 g5 50. Qc1 Kg6 51. hxg5 Qxg5 52. Qd1 Qf5
53. f3 Qg5 54. Qe1 Qh5 55. Qd1 e5 56. dxe5 Qxe5 57. Qd3+ Qf5 58. Qa6+ Kh7 59.
g4 Qc2+ 60. Kg3 d4 61. Qd6 d3 62. Qd8 d2 63. Qh4+ Kg6 64. Qh5+ Kf6 65. Qh4+ Kg6
66. f4 Qd3+ 67. Kg2 Qe4+ 68. Kf2 Qe1+ 0-1

[Event "4NCL Division 4 South"]
[Site "Reading, ENG"]
[Date "2017.11.12"]
[Round "2.31"]
[White "Webb, Richard M"]
[Black "Richmond, Peter"]
[Result "1/2-1/2"]
[WhiteElo "2243"]
[BlackElo "2085"]
[PlyCount "50"]
[EventDate "2017.11.12"]
[WhiteTeam "Crowthorne"]
[BlackTeam "Brown Jack 2"]

1. Nf3 d5 2. g3 c6 3. Bg2 Nf6 4. O-O Bf5 5. d3 e6 6. Nbd2 h6 7. b3 Nbd7 8. Bb2
Be7 9. Qe1 O-O 10. e4 dxe4 11. dxe4 Bh7 12. Qe2 Qc7 13. Rad1 Rad8 14. e5 Nd5
15. Ne4 b5 16. c4 bxc4 17. bxc4 N5b6 18. Bd4 Nxc4 19. Nf6+ gxf6 20. exf6 Bxf6
21. Bxf6 Nxf6 22. Qxc4 Rxd1 23. Rxd1 Rd8 24. Rxd8+ Qxd8 25. Nd4 Ne4 1/2-1/2

[Event "4NCL Division 4 South"]
[Site "Reading, ENG"]
[Date "2017.11.12"]
[Round "2.32"]
[White "Girdlestone, Paul C"]
[Black "Coates, Kenneth G"]
[Result "0-1"]
[WhiteElo "2053"]
[BlackElo "2109"]
[Annotator "Alan"]
[PlyCount "68"]
[EventDate "2017.11.12"]
[WhiteTeam "Brown Jack 2"]
[BlackTeam "Crowthorne"]

1. e4 d5 2. exd5 Qxd5 3. Nc3 Qd6 4. d4 Nf6 5. Bc4 a6 6. f3 b5 7. Bb3 Bb7 8.
Nge2 e6 9. Bf4 Qd7 10. Qd2 c5 11. dxc5 Qxd2+ 12. Bxd2 Bxc5 13. Nf4 Nbd7 14. Nd3
Be7 15. a4 b4 16. Ne2 a5 17. Nd4 O-O 18. O-O-O Rfc8 19. Rhe1 Nd5 20. Kb1 Nc5
21. Nxc5 Rxc5 22. Nf5 Bf8 23. Ne3 Nb6 24. c3 Rh5 25. Ng4 Bc6 26. Bf4 Bxa4 27.
Bxa4 Nxa4 28. cxb4 Rb5 29. Be5 Rxb4 30. Rd2 h5 31. Nf2 f6 32. Nd3 Rb5 33. Bg3
e5 34. Ka2 Rab8 {scoresheets} 0-1

[Event "4NCL Division 4 South"]
[Site "Reading, ENG"]
[Date "2017.11.12"]
[Round "2.33"]
[White "Johnson, Derek R"]
[Black "Rabbitt, Michael"]
[Result "0-1"]
[WhiteElo "2065"]
[BlackElo "2042"]
[PlyCount "75"]
[EventDate "2017.11.12"]
[WhiteTeam "Crowthorne"]
[BlackTeam "Brown Jack 2"]

1. e4 e5 2. Nf3 Nc6 3. d4 exd4 4. Nxd4 Nf6 5. Nxc6 bxc6 6. e5 Qe7 7. Qe2 Nd5 8.
c4 Nb6 9. Nc3 g6 10. f4 Bg7 11. Bd2 O-O 12. O-O-O Re8 13. Qf2 f6 14. c5 Nd5 15.
Bc4 Bb7 16. exf6 Qxf6 17. g4 Kh8 18. h4 Qd4 19. Qxd4 Bxd4 20. Bxd5 cxd5 21. Nb5
Bxc5 22. Nxc7 d4 23. Rh3 Rac8 24. Nxe8 Be4 25. Bc3 dxc3 26. Rxc3 Be3+ 27. Rd2
Bxd2+ 28. Kxd2 Rxe8 29. Rc7 Bc6 30. Rxa7 Re4 31. Kc3 Rxf4 32. b4 Rxg4 33. a4
Rxh4 34. b5 Rxa4 35. Rxa4 Bxb5 36. Re4 Kg7 37. Re7+ Kh6 38. Kd4 0-1

[Event "4NCL Division 4 South"]
[Site "Reading, ENG"]
[Date "2017.11.12"]
[Round "2.34"]
[White "Parker, Francis"]
[Black "Purdon, Colin"]
[Result "0-1"]
[WhiteElo "1977"]
[BlackElo "2058"]
[PlyCount "38"]
[EventDate "2017.11.12"]
[WhiteTeam "Brown Jack 2"]
[BlackTeam "Crowthorne"]

1. f4 d5 2. c4 d4 3. Nf3 Nc6 4. g3 e6 5. Bg2 Bc5 6. b3 Nf6 7. O-O O-O 8. Ba3
Qe7 9. Qc1 e5 10. Bxc5 Qxc5 11. fxe5 Nxe5 12. Qa3 Nxf3+ 13. Bxf3 Qe5 14. b4 Bh3
15. Re1 Ne4 16. Qa5 c5 17. Qb5 Rab8 18. d3 Nxg3 19. Kf2 Ne4+ 0-1

[Event "4NCL Division 4 South"]
[Site "Reading, ENG"]
[Date "2017.11.12"]
[Round "2.36"]
[White "Shaw, Meyrick"]
[Black "Love, James"]
[Result "1-0"]
[WhiteElo "1951"]
[BlackElo "1450"]
[PlyCount "53"]
[EventDate "2017.11.12"]
[WhiteTeam "Brown Jack 2"]
[BlackTeam "Crowthorne"]

1. d4 e6 2. g3 d5 3. Nf3 c5 4. e3 Nc6 5. Bg2 Bd7 6. O-O Nf6 7. Nbd2 cxd4 8.
exd4 Bd6 9. c3 O-O 10. Re1 Re8 11. Ne5 Qc7 12. f4 g6 13. Ndf3 Rac8 14. Ng5 Bxe5
15. fxe5 Nh5 16. Rf1 Rf8 17. g4 Ng7 18. Qf3 Be8 19. Qh3 h5 20. gxh5 Nxh5 21.
Bf3 Qe7 22. Bxh5 gxh5 23. Rf6 Kg7 24. Qg3 Nxe5 25. dxe5 Kh8 26. Rh6+ Kg7 27.
Nxe6# 1-0

[Event "4NCL Division 4 South"]
[Site "Reading, ENG"]
[Date "2017.11.12"]
[Round "2.41"]
[White "Wilks, Simon"]
[Black "Peat, Matthew"]
[Result "1-0"]
[WhiteElo "2019"]
[BlackElo "2020"]
[PlyCount "75"]
[EventDate "2017.11.12"]
[WhiteTeam "All Anands on Deck"]
[BlackTeam "Poisoned Pawns 2"]

1. e4 e5 2. Nc3 Nf6 3. g3 Bc5 4. Bg2 Nc6 5. d3 d6 6. h3 O-O 7. Na4 Re8 8. Ne2
a6 9. Nxc5 dxc5 10. O-O Qd6 11. Be3 Nd4 12. c3 Nc6 13. Qc2 Qe7 14. Rfd1 Bd7 15.
Re1 Rad8 16. Rad1 Bc8 17. Nc1 b6 18. Ne2 Bb7 19. g4 h5 20. Bg5 hxg4 21. hxg4
Qe6 22. Ng3 g6 23. f3 Rd6 24. b3 Kg7 25. Qe2 a5 26. Bf1 Rh8 27. Rd2 a4 28. bxa4
Qd7 29. Qg2 c4 30. dxc4 Rd8 31. Red1 Na5 32. Rxd6 cxd6 33. Qh2 Qe6 34. Nf5+
gxf5 35. gxf5 Rh8 36. Qxh8+ Kxh8 37. fxe6 Nh7 38. Be7 1-0

[Event "4NCL Division 4 South"]
[Site "Reading, ENG"]
[Date "2017.11.12"]
[Round "2.42"]
[White "Nendick, Philip Hc"]
[Black "Penna, Tommaso"]
[Result "0-1"]
[WhiteElo "2042"]
[BlackElo "1977"]
[PlyCount "56"]
[EventDate "2017.11.12"]
[WhiteTeam "Poisoned Pawns 2"]
[BlackTeam "All Anands on Deck"]

1. d4 d5 2. c4 c6 3. Nf3 Nf6 4. Nc3 dxc4 5. a4 Bf5 6. Ne5 Nbd7 7. Nxc4 Qc7 8.
g3 e5 9. dxe5 Nxe5 10. Bf4 Nfd7 11. Bg2 f6 12. a5 Nc5 13. Nxe5 fxe5 14. Bd2 Rd8
15. b4 Rxd2 16. Kxd2 Ne6 17. Qa4 Nd4 18. Rhc1 Qf7 19. Nd5 Be6 20. b5 Bxd5 21.
Bxd5 Qxd5 22. bxc6 Nxc6+ 23. Kc2 Bb4 24. Kb2 Qd4+ 25. Ka2 O-O 26. Qb3+ Kh8 27.
f3 Nxa5 28. Qb2 Qd5+ 0-1

[Event "4NCL Division 4 South"]
[Site "Reading, ENG"]
[Date "2017.11.12"]
[Round "2.43"]
[White "Jones, Tibor"]
[Black "McMahon, Paul"]
[Result "1-0"]
[WhiteElo "1844"]
[BlackElo "1964"]
[PlyCount "139"]
[EventDate "2017.11.12"]
[WhiteTeam "All Anands on Deck"]
[BlackTeam "Poisoned Pawns 2"]

1. d4 Nf6 2. c4 e5 3. dxe5 Ng4 4. Bf4 Nc6 5. Nf3 Bb4+ 6. Nbd2 Qe7 7. e3 Ncxe5
8. Nxe5 Nxe5 9. Be2 O-O 10. O-O Ng6 11. Bg3 Bd6 12. Bxd6 Qxd6 13. Ne4 Qe7 14.
Qd4 d6 15. Nc3 f5 16. Nd5 Qf7 17. Rad1 Ne5 18. b4 a5 19. c5 Nc6 20. Qf4 Be6 21.
cxd6 cxd6 22. Nb6 Rad8 23. bxa5 Nxa5 24. Rxd6 Bxa2 25. Rfd1 Nc6 26. Rd7 Qf6 27.
Qc7 Qb2 28. Bc4+ Bxc4 29. Nxc4 Qf6 30. h3 Rxd7 31. Rxd7 Rd8 32. Qxb7 Rxd7 33.
Qxd7 h6 34. Qd5+ Kh7 35. Nd6 Ne7 36. Qd3 Qa1+ 37. Kh2 Qe5+ 38. Kg1 g6 39. Nc4
Qe6 40. Qd4 Nc6 41. Qc5 Nd8 42. Qc7+ Qf7 43. Qxf7+ Nxf7 44. Kf1 h5 45. h4 Kg7
46. Ke2 Kf6 47. Kd3 Ke6 48. Kd4 g5 49. g3 gxh4 50. gxh4 Nh6 51. Ne5 Ng8 52. Nd3
Nf6 53. Nf4+ Kd7 54. Ke5 Ng4+ 55. Kxf5 Nxf2 56. Nxh5 Ke7 57. Nf6 Kf7 58. Ng4
Nd1 59. e4 Nc3 60. h5 Kg7 61. e5 Nb5 62. h6+ Kh7 63. Kf6 Nc7 64. Kf7 Kh8 65. e6
Nxe6 66. Kxe6 Kh7 67. Kf6 Kh8 68. Kg6 Kg8 69. Ne5 Kh8 70. Nf7+ 1-0

[Event "4NCL Division 4 South"]
[Site "Reading, ENG"]
[Date "2017.11.12"]
[Round "2.44"]
[White "McCorry, Robert T"]
[Black "Perez Fadon, Andres"]
[Result "1-0"]
[WhiteElo "1989"]
[BlackElo "1550"]
[PlyCount "59"]
[EventDate "2017.11.12"]
[WhiteTeam "Poisoned Pawns 2"]
[BlackTeam "All Anands on Deck"]

1. e4 e6 2. d4 d5 3. Nc3 Nf6 4. e5 Nfd7 5. f4 c5 6. Nf3 Nc6 7. Be3 a6 8. Qd2
Be7 9. Bd3 c4 10. Be2 b5 11. a3 Rb8 12. Nd1 b4 13. axb4 Bxb4 14. c3 Na5 15. Rb1
Nb3 16. Qc2 Be7 17. O-O Bb7 18. f5 Nf8 19. Nf2 exf5 20. Qxf5 Bc8 21. e6 Bxe6
22. Qe5 Bf6 23. Qg3 Ng6 24. Ng4 Bxg4 25. Qxg4 Qe7 26. Bg5 Bxg5 27. Nxg5 Nd2 28.
Rxf7 Qe3+ 29. Kh1 Nxb1 30. Qd7# 1-0

[Event "4NCL Division 4 South"]
[Site "Reading, ENG"]
[Date "2017.11.12"]
[Round "2.45"]
[White "Napolitano, Domenico"]
[Black "Ribbands, Patrick C"]
[Result "0-1"]
[WhiteElo "1464"]
[BlackElo "1735"]
[PlyCount "92"]
[EventDate "2017.11.12"]
[WhiteTeam "All Anands on Deck"]
[BlackTeam "Poisoned Pawns 2"]

1. e4 c6 2. d4 d5 3. exd5 cxd5 4. Nf3 e6 5. Bb5+ Bd7 6. Bxd7+ Nxd7 7. Nc3 Ngf6
8. Bg5 Be7 9. Bxf6 Bxf6 10. O-O O-O 11. Ne2 Qb6 12. b3 Rfc8 13. Nf4 Rc3 14. Nh5
Rac8 15. Rc1 Qc7 16. Ne1 Be7 17. Qg4 g6 18. f4 Nf6 19. Nxf6+ Bxf6 20. Qd1 b5
21. Nf3 Rxc2 22. Ra1 Qc3 23. Ne5 Rd2 24. Qe1 Qxd4+ 25. Kh1 Rcc2 26. Nf3 Rxg2
27. Rg1 Rxg1+ 28. Qxg1 Qxa1 29. Qxa1 Bxa1 30. a3 Ra2 31. Ne1 Rxa3 32. Nc2 Ra2
33. Nb4 Rb2 34. Nc6 Rxb3 35. Nxa7 Rf3 36. Nxb5 Rxf4 37. Kg2 d4 38. Nc7 d3 39.
Nd5 exd5 40. h4 Rxh4 41. Kf2 Re4 42. Kf1 d2 43. Kg1 d1=Q+ 44. Kh2 Qd3 45. Kg2
Re2+ 46. Kf1 Qd1# 0-1

[Event "4NCL Division 4 South"]
[Site "Reading, ENG"]
[Date "2017.11.12"]
[Round "2.51"]
[White "Karia, Rishul"]
[Black "Ismailov, Roman"]
[Result "1-0"]
[WhiteElo "1915"]
[BlackElo "2023"]
[Annotator "Alan"]
[PlyCount "68"]
[EventDate "2017.11.12"]
[WhiteTeam "Barnet Knights 2"]
[BlackTeam "CSC 2"]

1. e4 c5 2. Nc3 d6 3. Bc4 a6 4. a4 Nf6 5. d3 e6 6. f4 Qc7 7. Nf3 Nbd7 8. Qe2 e5
9. Ng5 Nb6 10. Bxf7+ Kd8 11. a5 h6 12. axb6 Qe7 13. Bg6 hxg5 14. fxg5 Nd7 15.
Nd5 Qe6 16. Bf5 Qg8 17. Bd2 Rb8 18. Qg4 Be7 19. Nc7 Nxb6 20. Ne6+ Bxe6 21. Bxe6
Qh7 22. Ba5 Kc7 23. g6 Qh4+ 24. Qxh4 Bxh4+ 25. Ke2 Kc6 26. Raf1 Rbe8 27. Bf7
Re7 28. Bxb6 Kxb6 29. Rf3 Bg5 30. g3 Bh6 31. Rf5 Kc7 32. Rhf1 Kd8 33. Bd5 b5
34. Rf7 Ke8 {sheets} 1-0

[Event "4NCL Division 4 South"]
[Site "Reading, ENG"]
[Date "2017.11.12"]
[Round "2.52"]
[White "Vlcek, Marek"]
[Black "Covey, Jason"]
[Result "1-0"]
[WhiteElo "1983"]
[BlackElo "1870"]
[PlyCount "87"]
[EventDate "2017.11.12"]
[WhiteTeam "CSC 2"]
[BlackTeam "Barnet Knights 2"]

1. Nf3 e6 2. c4 Nf6 3. g3 d5 4. Bg2 Be7 5. O-O O-O 6. d3 Nc6 7. Nbd2 d4 8. a3
a5 9. b3 e5 10. Bb2 Bf5 11. Qc2 Nd7 12. Ne4 Bxe4 13. dxe4 Bd6 14. Nh4 Nc5 15.
Nf5 Ra6 16. Bc1 Ne7 17. Nxd6 cxd6 18. e3 Nc6 19. Rb1 Rb6 20. Bd2 Qc7 21. b4
axb4 22. axb4 Ne6 23. b5 dxe3 24. fxe3 Ne7 25. Ba5 Qc5 26. Bxb6 Qxb6 27. Qf2 f6
28. h4 Nc5 29. g4 Ng6 30. h5 Nh8 31. g5 Nf7 32. gxf6 gxf6 33. Qxf6 Nd7 34. Qf2
Ng5 35. Qg3 h6 36. Rxf8+ Nxf8 37. Rf1 Nfe6 38. Rf6 Kh7 39. Rxe6 Nxe6 40. Qg6+
Kh8 41. Qxe6 Kh7 42. Qg6+ Kh8 43. Qf6+ Kg8 44. Qg6+ 1-0

[Event "4NCL Division 4 South"]
[Site "Reading, ENG"]
[Date "2017.11.12"]
[Round "2.53"]
[White "Willmoth, Harrison"]
[Black "Stayt, James N"]
[Result "1/2-1/2"]
[WhiteElo "1825"]
[BlackElo "1956"]
[PlyCount "56"]
[EventDate "2017.11.12"]
[WhiteTeam "Barnet Knights 2"]
[BlackTeam "CSC 2"]

1. e4 e6 2. d3 d5 3. Nd2 b6 4. Ngf3 Bb7 5. e5 c5 6. c4 d4 7. g3 Nc6 8. Ne4 h6
9. h4 f5 10. exf6 Nxf6 11. Nfd2 Ne5 12. Qe2 Qd7 13. Bg2 O-O-O 14. O-O Nc6 15.
Bh3 Re8 16. Re1 Nd8 17. Rb1 Kb8 18. a3 Qc6 19. b4 e5 20. Bg2 Ne6 21. Bf3 Qc7
22. bxc5 Nxc5 23. Nxc5 Bxc5 24. Ne4 Nxe4 25. Bxe4 Bxe4 26. Qxe4 Qb7 27. Qe2 Re7
28. Bb2 Rhe8 1/2-1/2

[Event "4NCL Division 4 South"]
[Site "Reading, ENG"]
[Date "2017.11.12"]
[Round "2.54"]
[White "Vachtfeidl, Petr"]
[Black "Hung, Jake"]
[Result "1-0"]
[WhiteElo "1927"]
[BlackElo "1757"]
[PlyCount "81"]
[EventDate "2017.11.12"]
[WhiteTeam "CSC 2"]
[BlackTeam "Barnet Knights 2"]

1. d4 Nf6 2. c4 Nc6 3. Nc3 e5 4. d5 Ne7 5. e4 Ng6 6. Bd3 Bc5 7. Nf3 O-O 8. h3
d6 9. O-O a6 10. a3 Nh5 11. b4 Ba7 12. Be3 Bxe3 13. fxe3 Ng3 14. Rf2 f5 15. Kh2
f4 16. exf4 exf4 17. c5 Ne5 18. Nxe5 dxe5 19. Bc4 Kh8 20. d6 c6 21. Rd2 Bd7 22.
Qf3 g5 23. Ne2 g4 24. Qc3 Nxe4 25. Qxe5+ Qf6 26. Qxf6+ Rxf6 27. Rd4 Re8 28.
hxg4 f3 29. gxf3 Rxf3 30. Kg2 Ng5 31. Ng1 Rfe3 32. Ra2 R8e4 33. Rxe4 Rxe4 34.
Be2 Bxg4 35. Bxg4 Rxg4+ 36. Kf2 Ne4+ 37. Kf3 Rxg1 38. Kxe4 Rd1 39. Ke5 Kg7 40.
Ke6 Kf8 41. d7 1-0